| 000 | 00353nam a2200157Ia 4500 | ||
|---|---|---|---|
| 003 | OSt | ||
| 008 | 191201s2007 xx 000 0 und d | ||
| 082 |
_a658.827 _bMAP |
||
| 100 | _aMATHUR, U C | ||
| 245 | 0 | _aProduct and Brand Management | |
| 250 | _a1st | ||
| 260 |
_aNew Delhi _bExcel Books _c2007 |
||
| 300 | _a534 | ||
| 650 | _aMBA | ||
| 942 |
_2ddc _cBK |
||
| 999 |
_c4153 _d4153 |
||